000 00402nam a22001457a 4500
008 250617b |||||||| |||| 00| 0 eng d
020 _a9788195759026
050 _aHD 1433
_b.K 86
100 _aKumar, Bhupendra
245 _aAgribusiness Management Theory and Practice
260 _aNew Delhi
_bPinakin Publishing
_c2023
300 _a285p
650 _aAgriculture -Economic Aspects
942 _cBK
999 _c3871
_d3871